The Little Tea Book (Record no. 248647)
[ view plain ]
| 000 -LEADER | |
|---|---|
| fixed length control field | 01460cam a22002653a 4500 |
| 001 - CONTROL NUMBER | |
| control field | 19392 |
| 003 - CONTROL NUMBER IDENTIFIER | |
| control field | PGUSA |
| 005 - DATE AND TIME OF LATEST TRANSACTION | |
| control field | 20140828083418.0 |
| 008 - FIXED-LENGTH DATA ELEMENTS--GENERAL INFORMATION | |
| fixed length control field | 060927s2006||||xxu|||||s|||||000 p eng d |
| 040 ## - CATALOGING SOURCE | |
| Original cataloging agency | PGUSA |
| Language of cataloging | eng |
| 042 ## - AUTHENTICATION CODE | |
| Authentication code | dc |
| 050 #4 - LIBRARY OF CONGRESS CALL NUMBER | |
| Classification number | GT |
| 050 #4 - LIBRARY OF CONGRESS CALL NUMBER | |
| Classification number | SB |
| 245 14 - TITLE STATEMENT | |
| Title | The Little Tea Book |
| Medium | [electronic resource] |
| 260 ## - PUBLICATION, DISTRIBUTION, ETC. (IMPRINT) | |
| Name of publisher, distributor, etc | Project Gutenberg, |
| Date of publication, distribution, etc | 2006 |
| 505 0# - FORMATTED CONTENTS NOTE | |
| Formatted contents note | The origin of tea -- Tea [poem] / by Francis Saltus Saltus -- little cups of Chinese and Japanese tea -- On tea [poem] / by Edmund Waller -- Some English tea history -- O tea! [poem] / Arthur Gray -- Tea terms (Japanese. Chinese) -- Tea leaves / by John Ernest McCann -- Wit, wisdom and humor of tea -- Fate / Churchill -- Tea making and taking in Japan and China -- Tea-drinking in other lands -- The tea-table -- Ladies, literature and tea -- On our English poetry and this poem upon tea / R. B. -- To the author on his poem upon tea / T. W. -- Poems from J. Roberts pamphlet (London, 1700) -- Dr. Johnson's affinity -- Earliest mention of tea -- Australian tea -- Five o'clock tea -- Tea in ladies' novels -- Sydney Smith -- Dr. Johnson again -- A cup of tea [poem] / Helen Gray Cone. |
| 506 ## - RESTRICTIONS ON ACCESS NOTE | |
| Terms governing access | Public domain in the USA. |
| 516 ## - TYPE OF COMPUTER FILE OR DATA NOTE | |
| Type of computer file or data note | Electronic text |
| 653 ## - INDEX TERM--UNCONTROLLED | |
| Uncontrolled term | Tea |
| 700 1# - ADDED ENTRY--PERSONAL NAME | |
| Personal name | Gray, Arthur, |
| Dates associated with a name | 1859- |
| 700 1# - ADDED ENTRY--PERSONAL NAME | |
| Personal name | Hood, George Washington, |
| Dates associated with a name | 1869-1949 |
| 830 #0 - SERIES ADDED ENTRY--UNIFORM TITLE | |
| Uniform title | Project Gutenberg |
| Volume number/sequential designation | 19392 |
| 856 40 - ELECTRONIC LOCATION AND ACCESS | |
| Uniform Resource Identifier | <a href="http://www.gutenberg.org/ebooks/19392">http://www.gutenberg.org/ebooks/19392</a> |
| 942 ## - ADDED ENTRY ELEMENTS (KOHA) | |
| Koha item type | eBooks |
| Withdrawn status | Lost status | Damaged status | Home library | Current library | Date acquired | Total Checkouts | Date last seen | Price effective from | Koha item type |
|---|---|---|---|---|---|---|---|---|---|
| Project Gutenberg | Project Gutenberg | 08/28/2014 | 08/28/2014 | 08/28/2014 | eBooks |